Normal view
MARC view
- Warraich, M. Nasir Mahmood
Entry Personal Name
001 - CONTROL NUMBER
- control field: 19600
003 - CONTROL NUMBER IDENTIFIER
- control field: NUST
005 - DATE AND TIME OF LATEST TRANSACTION
- control field: 20190827102606.0
008 - FIXED-LENGTH DATA ELEMENTS
- fixed length control field: 190827|| aca||aabn | a|a d
040 ## - CATALOGING SOURCE
- Original cataloging agency: NUST
- Transcribing agency: NUST
100 ## - HEADING--PERSONAL NAME
- Personal name: Warraich, M. Nasir Mahmood
670 ## - SOURCE DATA FOUND
- Source citation: Work cat.: (NUST): Warraich, M. Nasir Mahmood, A Native Orientalist: Ibn Warraq on the Quran /, 2016.
